| 000 | 00793nam a22002657a 4500 | ||
|---|---|---|---|
| 999 |
_c9696 _d9696 |
||
| 003 | GBCCL | ||
| 005 | 20241126110717.0 | ||
| 008 | 230503b ||||| |||| 00| 0 eng d | ||
| 020 | _a9781848712119 | ||
| 040 | _cgbc | ||
| 082 |
_a253 _bBAX |
||
| 100 | 1 |
_aBaxter, Richard, _d1615-1691 _916850 |
|
| 245 | 1 | 4 | _aThe reformed pastor |
| 264 | 1 |
_aEdinburgh, UK : _bThe Banner of Truth Trust, _c2020 |
|
| 300 |
_axxxiii, 273 pages ; _c19 cm. |
||
| 336 |
_atext _btxt _2rdacontent |
||
| 337 |
_aunmediated _bn _2rdamedia |
||
| 338 |
_avolume _bnc _2rdacarrier |
||
| 650 |
_aEarly works _916851 |
||
| 650 |
_aPastoral care _9578 |
||
| 650 |
_a Pastoral theology _9414 |
||
| 650 |
_aPastoral theology _vEarly works to 1800 _916852 |
||
| 700 | 1 |
_aRutherford, Thomas, _d-1806 _916853 |
|
| 942 |
_2ddc _cBK |
||